000 00707 a2200241 4500
003 CBULib
005 20250211102354.0
008 250211b |||||||| |||| 00| 0 eng d
020 _a9780263913194
040 _bEnglish
_cCBULib
_erda
050 _aPR 1309.L68H3
100 _aWoods, Amy
245 _aHis Texas forever family
_c/ by Amy Woods
260 _bHarlequin
_c2014
_aRichmond :
300 _a216 pages
336 _2rdacontent
_aText |
_btxt
337 _2rdamedia
_aUnmediated |
_bn
338 _2rdacarrier
_aVolume
_bnc
650 0 _9707
_aROMANCE FICTION, AMERICAN
650 0 _94414
_aFAMILIES - TEXAS - FICTION
650 0 _94415
_aMAN - WOMAN RELATIONSHIPS - FICTION
942 _2lcc
_c002
999 _c86037
_d86037